| 000 | 00883nam a22002537a 4500 | ||
|---|---|---|---|
| 001 | 5780 | ||
| 003 | FISKH | ||
| 005 | 20250122151250.0 | ||
| 008 | 250121b cb ||||| |||| 00| 0 eng d | ||
| 020 | _a9780531162446 | ||
| 040 |
_aFISKH _beng _cFISKH _dFISKH |
||
| 050 | _aQE521.T785 | ||
| 082 | _a551.21 | ||
| 100 | _aTrueit,Trudi Strain | ||
| 245 |
_aVolcanoes / _cby Trudi Strain Trueit |
||
| 260 |
_aNew York : _bFranklin Watts , _c2003. |
||
| 300 |
_a64 pages : _bcolor illustrations ; _c24 cm . |
||
| 490 | _aWatts Library | ||
| 520 | _aDiscusses the formation and characteristics of volcanoes, the causes and effects of their eruption, and describes specific volcanic eruptions such as that of Mount St. Helen's in 1980. | ||
| 650 |
_aVolcanoes _vJuvenile literature |
||
| 700 |
_aAdnet, Bernard _eillustrator on page 22 |
||
| 942 |
_2ddc _cBK _n0 |
||
| 999 |
_c5780 _d5780 |
||